000 00737nam2a22002291 4500
001 rc\4457919
005 20130416162703.0
035 _a(NLR Aleph) 008322639
090 _a8766472
_c8766472
100 _a20130416d1968 |||y0rusy50 ca
101 0 _arus
102 _aRU
105 _ay z |||||
200 1 _aУчитель энтузиаст
210 _aБаку
_cБ. и.
_d1968
461 0 _1001rc\4457917
_12001#$aДелегатам Всесоюзного съезда учителей от делегации Азербайджана$fМ-во прос. АзССР$v[2]
700 1 _aМамед-заде
_bВ. С.
801 0 _aRU
_bNLR
_gpsbo
801 1 _aRU
_bELAR
_2rusmarc
852 _aNLR
_j68-1/625
942 _cBOOK
980 _aNB